000 00487nam a2200181Ia 4500
001 24469
005 20260414151045.0
008 260414t2022||||xx |||||||||||||| ||spa||
041 _aESP
082 _a345.7
_bV27
100 _aValverde Gonzales, Manuel Enrique
_eAUT
245 0 _aLos procesos contenciosos abreviados y sumarĂ­simos :
_bproblemas frecuentes
260 _c2022
300 _a431 páginas :
_c25 cm.
650 _aDER
654 _aCDE
942 _cLIB
_dJUS
_fJUS
_2ddc
_n
999 _c24469
_d24469